| 000 | 00909nam a22002897a 4500 | ||
|---|---|---|---|
| 003 | CHAP | ||
| 005 | 20220817041435.0 | ||
| 008 | 971013s1981 r 00010 d | ||
| 010 | _a14511 | ||
| 011 | _a15483 | ||
| 035 | _a19559 | ||
| 040 | _cCHAP | ||
| 082 |
_a634 _bG67 |
||
| 100 | 0 | 0 |
_aGoodenough, P. W. _949565 |
| 245 | _aQuality in stored and processed vegetables and fruit | ||
| 260 |
_aLondon : _bAcademic Press, _c1981 |
||
| 300 |
_a398 p. _b: ilus. : gráfs |
||
| 590 |
_aBATCH-UPD _b10 _c20130110 _lUCH01 _h1856 |
||
| 590 |
_aCONVERSION _b10 _c20130109 _lUCH01 _h1309 |
||
| 650 | 1 | 4 |
_aAlimentos _xCalidad. |
| 650 | 1 | 4 |
_aFruta _xAlmacenamiento. _943592 |
| 650 | 1 | 4 |
_aLegumbres _xAlmacenamiento. _965682 |
| 901 | _aBK | ||
| 942 | _cLIBRO | ||
| 949 |
_a634 G67 _bBC _cLIBRO _d33724000219986 _eLIBRO _fc.2 _h63485 _i19559 _si |
||
| 949 |
_a634 G67 _bBC _cLIBRO _d33724000219994 _eLIBRO _h63423 _i19559 _mDirecto _si |
||
| 999 |
_c14511 _d14511 |
||